Masayoshi Takanaka Quiz - Statistics

General Stats
  • This quiz has been taken 33 times
  • The average score is 8 of 15
Answer Stats
Hint Answer % Correct
Country Takanaka is from Japan
100%
Year that album was released 1976
86%
Country his father was from China
86%
His first album Seychelles
86%
And what is Takanaka doing in that cover? Skydiving
82%
Object Takanaka famously modified into a guitar Surfboard
75%
1979 compilation album with an iconic cover All Of Me
61%
American city where he played two sold out shows in 2025 Los Angeles
61%
Track 5 on the 1978 album 'Brasilian Skies' (hint: an incredibly successful film from that era) Star Wars Samba
50%
Legendary guitarist Takanaka performed with in 1981 Carlos Santana
39%
Successful rock band Takanaka was part of before his solo career began Sadistic Mika Band
36%
American rock n' roll legend Takanaka released a collaboration album with in 1992 Little Richard
25%
His record label which he founded in 2000 Lagoon Records
21%
Beatles song featured in his 1995 covers album I Want You (She's So Heavy)
4%
Iconic 1964 Chuck Berry album cover referenced by Takanaka in his self-titled 1977 album St. Louis To Liverpool
0%
No matching quizzes found
Score Distribution
Percent of People with Each Score
Percentile by Number Answered
Your Score History
You have not taken this quiz